Przystanki linii 15 w Toruniu - Statystyki

Ogólne statystyki
  • Ten quiz został rozwiązany 14 razy
  • Średni wynik to 14 z 22
Statystyki odpowiedzi
Odpowiedź % Poprawnych
Garbaty Mostek
100%
Przy Kaszowniku
100%
Dworzec Wschodni
90%
Kraszewskiego
90%
Manhattan
90%
Aula UMK
80%
Odrodzenia
80%
Plac Daszyńskiego
80%
Reja
80%
Rubinkowo Centrum
80%
Rydygiera
80%
PRZY LESIE
70%
Lotnisko
60%
RUBINKOWO P&R
60%
Galeria Copernicus
50%
Przybyłów
50%
Leszczynowa
40%
Sztuki Piękne
40%
Orzechowa
30%
Szosa Okrężna
30%
Mocarskiego
20%
Bluszczowa
10%
Nie znaleziono quizów pasujących do podanych kryteriów
Rozkład punktacji
Procent ludzi z każdym wynikiem
Percentyl według liczby udzielonych odpowiedzi
Twoja historia wyników
Nie rozwiązałeś tego quizu